00868nam a22002537a 450000100040000000500170000402000300002102000180005104000300006905000290009908200160012810000190014424500740016326000550023730000460029250000400033850500060037852001220038452100190050652100180052565000250054370000250056870000210059368320240217082545.0 a0590438484 (hc) :c$15.95 a9780590438490 aDLCcDLCdDLCdFISKHbeng00aG670 1981 .F73bB42 199200a919.8042201 aBeattie, Owen.10aBuried in ice /cby Owen Beattie and John Geiger with Shelley Tanaka. aNew York :bScholastic/Madison Press Book,c1992. a64 pages :bcolor illustrations ;c29 cm. a"Scholastic hardcover"--T.p. verso. aU aProbes the tragic and mysterious fate of Sir John Franklin's failed expedition to find the Northwest Passage in 1845. a1010 bLexile aU bRaz-Plus 1aVoyages and travels.1 aGeiger, John,d1960-1 aTanaka, Shelley.